000 00449nam a2200121Ia 4500
008 220620s9999||||xx |||||||||||||| ||und||
245 0 _aMulti-Agent Systems
_bModeling, Control, Programming, Simulations and Applications
546 _aEnglish[eng]
650 _aMachine learning
700 _aAlkhateeb, Faisal||Al Maghayreh, Eslam||Abu Doush, Iyad
856 _uhttps://mts.intechopen.com/storage/books/79/authors_book/authors_book.pdf
942 _cEB
999 _c23767
_d23767